02607nam a22003137a 4500003000900000005001700009007000300026008003700029020001800066040003000084082002900114100003500143245005600178264005400234300004600288336002700334337003400361338003000395500005200425505130300477590002701780651006701807910004101874942001201915952012301927952012802050952009802178999001702276DO-SdBPM20250903125440.0ta210318b2015 dr ||| 00| 0 spa d a9789945452815 aDO-SdBPMbspacBPMSUerda 4a972.9304 bZ12p 2015222 a Zabala Lorenzo, Roqued1954 -10aProclamas de independencia /cRoque Zabala Lorenzo  aSanto Domingo :bLibrería la Trinitaria ,c2015 a186 páginas :bilustración ;c21 cm. atextobtxt2rdacontent asin mediación bn2rdamedia avolumen bnc2rdacarrier  aIncluye datos biográficos en la contraportada0 aIntroducción, 5.-- Recorrido histórico, 11.-- Documento mediante el cual la parte Este de la isla se convierte en colonia española. Declaración de Bondillo, 71.-- Documento del 1ro. de diciembre de 1821 sobre separación de la isla de la corona española - Independencia Efímera. Declaración de Independencia del pueblo dominicano, 73.-- Documento de Independencia de la parte Este de la isla de Santo Domingo de la República de Haití. Manifiesto de los pueblos de la parte Este de la isla antes Española o de Santo Domingo sobre las causas de su independencia de la República de Haití. 16 de enero de 1844, 87.-- Documento mediante el cual Santiago y la parte Norte del país desconocen el gobierno del la capital encabezado por Buenaventura Báez. Manifiesto de los pueblos del Cibao y de las causas que los han impulsado a reasumir sus derechos, 101.-- Documento en el cual se reúnen las fuerzas restauradoras en Santiago y eligen a José Antonio Salcedo como Presidente de la República. Acta de Independencia, Santiago 14 de septiembre del 1863, 107.-- Restauración. Anexos, 117.-- Acta Constitutiva del Gobierno Provisional del Estado independiente de la parte Española de Haití, 121.-- Constitución del 19 de Febrero de 1858, 133.-- Bibliografía, 185. ainventariado, 2025 /VM 7aRepública Dominicana xHistoriayIndependencia nacional 1844 aVMateo V. Control de calidad. BPMSU  2ddccBK 00102ddc708CDaBPMETbBPMETd2021-03-18l0oBPMSU CD 972.9304 Z12p 2015pBPMSU21030050r2021-03-18w2021-03-18yBK 00102ddc708CDaBPMETbBPMETd2021-03-18l0oBPMSU CD 972.9304 Z12p 2015pBPMSU21030051r2021-03-18te.2w2021-03-18yBK 00102ddc708CDaBPMETbBPMETd2021-03-18l0pBPMSU21030052r2021-03-18te.3w2021-03-18yBK c13402d13402